A gyógyturizmus hazai elemzése és fejlesztésének lehetőségei a megújuló Galerius Fürdő bemutatásán keresztül
| Szerző: | |
|---|---|
| További közreműködők: | |
| Dokumentumtípus: | Diplomadolgozat |
| Kulcsszavak: | Balaton gyógyfürdők gyógyturizmus gyógyvíz Magyarország |
| Online Access: | http://dolgozattar.uni-bge.hu/59642 |
MARC
| LEADER | 00000nta a2200000 i 4500 | ||
|---|---|---|---|
| 001 | dolg59642 | ||
| 005 | 20260409145344.0 | ||
| 008 | 260409suuuu hu om 000 hun d | ||
| 040 | |a BGE Dolgozattár Repozitórium |b hun | ||
| 041 | |a hu | ||
| 100 | 1 | |a Németh Dominika | |
| 245 | 1 | 2 | |a A gyógyturizmus hazai elemzése és fejlesztésének lehetőségei a megújuló Galerius Fürdő bemutatásán keresztül |c Németh Dominika |h [elektronikus dokumentum] |
| 520 | 3 | |a A mai modern társadalmakban, a felgyorsuló világunkban jelentős figyelmet kap az életminőség javítása, a prevenció, az egészség megőrzése, a rekreáció és mindemellett a fenntarthatóság. A világban újonnan megjelenő cél, miszerint az emberek minél tovább tudjanak jól és egészségesen élni és minél kevesebb természeti energiát használjanak fel. E két célkitűzést jól egyesíti, egyesítheti a gyógy- és wellnessturizmus, kiváltképp a fürdőturizmus. Mindez különösen Magyarországon a helyi adottságokra jól tud építeni, hiszen Magyarország Közép-Kelet-Európa fontos fürdőturisztikai piacának számít (Bauer, 2008). Emellett az egyre elterjedtebb klinikai és szépészeti anti-aging kezelések is teret nyertek a turizmus szektorában, melyre külön ágazat épült, számos komplex élményt nyújtó központ létrehozásával. Dolgozatomban Magyarország gyógyturizmusban való szerepét és helyzetét fogom bemutatni, ezen belül kiemelve a Balaton régió sajátosságait, természeti adottságait és a benne rejlő potenciált és az elmúlt évek során végbement változásait. Kitérek a térség turisztikai vonzerejére és gyógyturizmusára, valamint a térség fejlesztési lehetőségeit szeretném bemutatni, amit egy megújuló siófoki fürdőn keresztül fogok szemléltetni, párhuzamba állítva a Zalakarosi Fürdő nyújtotta lehetőségekkel. A régió múltját és jelenét járom körül, valamint a megújuló fürdőben rejlő jövőbeni lehetőségeket mutatom be. | |
| 695 | |a Balaton | ||
| 695 | |a gyógyfürdők | ||
| 695 | |a gyógyturizmus | ||
| 695 | |a gyógyvíz | ||
| 695 | |a Magyarország | ||
| 700 | 1 | |a Hanusz Dr. Árpád |e ths | |
| 856 | 4 | 0 | |u http://dolgozattar.uni-bge.hu/59642/1/A%20gy%C3%B3gyturizmus%20hazai%20elemz%C3%A9se%20%C3%A9s%20fejleszt%C3%A9s%C3%A9nek%20lehet%C5%91s%C3%A9gei%20a%20meg%C3%BAjul%C3%B3%20Galerius%20F%C3%BCrd%C5%91%20bemutat%C3%A1s%C3%A1n%20kereszt%C3%BCl.pdf |z Dokumentum-elérés |
| 856 | 4 | 0 | |u http://dolgozattar.uni-bge.hu/59642/2/N%C3%89METH_D_OPPONENSI.pdf |z Dokumentum-elérés |
| 856 | 4 | 0 | |u http://dolgozattar.uni-bge.hu/59642/3/5%20N%C3%89METH%20%20DOMINIKA.pdf |z Dokumentum-elérés |